000 00426nam a2200169Ia 4500
008 140205t2012 xxu||||| |||| 00| 0 sin d
041 _asin
080 _aX8S1
_bSEK
100 _aSekara,Mahagama
245 _aහෙට ඉරක් පායයි
246 _aHeta Irak Parai
260 _bGodage
_aColombo
_c2012
300 _b130p., 21 cm
942 _cBK
999 _c77196
_d77196
003 LK-CoDNM
040 _aLK-CoDNM
_dLK-CoDNM
_eLK-CoDNM